Statystyki dla Płyty Palucha

Kliknij tutaj aby rozwiązać quiz!

Ogólne statystyki

  • Ten quiz został rozwiązany 183 razy
    (150 od ostatniego zresetowania)
  • Średni wynik to 6 z 15

Statystyki odpowiedzi

Rok Płyta % poprawnych
2018Paluch - Czerwony Dywan
94%
2017Paluch - Złota Owca
85%
2016Paluch - Ostatni Krzyk Osiedla
81%
2013Paluch - Lepszego Życia Diler
48%
2016Paluch - 10/29
46%
2007Paluch - Biuro Ochrony Rapu
37%
2012Paluch - Niebo
37%
2009Paluch - Pewniak
26%
2011Paluch - Syntetyczna Mafia
26%
2013Paluch/Kali - Milion Dróg Do Śmierci
20%
2010Paluch/DJ Story - Bezgranicznie Oddany
19%
2014Paluch/Chris Carson - Made In Heaven
16%
2004Paluch - Życie Jest Piękne
7%
2010Aifam - Ponad Tym
4%
2005Aifam - Nasza Rewolucja
3%

Rozkład punktacji

Percentyl według liczby udzielonych odpowiedzi

Procent ludzi z każdym wynikiem

Twoja historia wyników

Nie rozwiązałeś tego quizu od ostatniego zresetowania